00246 a2200109 4500001000700000020000600007040001100013100000600024240005100030245004600081362000900127158451 a  cMagnum a-10aGrande enciclopedia larousse cultural/v.4lpor10aGrande enciclopedia larousse cultural/v.40 a1899